000 01245nam a2200301 i 4500
001 bg
100 1 _aBIERSKI, Franciszek
_d(1912-2002).
245 1 0 _aFunkcje zespolone, szeregi i przekształcenia Fouriera, przekształcenia całkowe Laplace'a, przekształcenia Laurenta (Z) /
_cFranciszek Bierski.
250 _aWyd. 5 popr.
260 _aKraków :
_bAGH. Uczelniane Wydawnictwa Naukowo-Dydaktyczne,
_c1999.
300 _a420 s. :
_bil. ;
_c24 cm.
490 1 _a[Skrypty Uczelniane / Akademia Górniczo-Hutnicza im. Stanisława Staszica w Krakowie],
_x0239-6114 ;
_v1549
500 _aTyt. grzbiet. : Funkcje zespolone.
504 _aBibliogr. - Indeks.
650 9 _aFunkcje
650 9 _aRachunek operatorowy
650 9 _aRównania całkowe
650 9 _aRównania różniczkowe
650 9 _aSzeregi
655 _aPodręczniki akademickie
830 0 _a[Skrypty Uczelniane (Akademia Górniczo-Hutnicza im. Stanisława Staszica w Krakowie]) ;
_v1549
040 _cBPK
041 0 _apl
080 _a517(075.8)
942 _cKS
008 s pl f |000 0 pol
999 _c42352
_d42352